000 00485nam a2200181Ia 4500
001 15729
005 20260306170217.0
008 260306t2005||||xx |||||||||||||| ||und||
041 _aESP
082 _a601
_bQ49T
100 _aQuintanilla, Miguel Angel
_eAUT
245 0 _aTecnología:
_bun ensayo filosófico y otros ensayos de filosofía de la tecnología
260 _c2005
300 _a296 páginas :
_c23 cm.
650 _aGEN
654 _aCCN
942 _cLIB
_dJUS
_fJUS
_2ddc
_n
999 _c15729
_d15729